000 00581pam a2200169 a 4500
020 _a0442001517
082 0 0 _a004.03
_bMER
_cL-2,P-174
100 1 _aMerkow, Mark S.
_936586
245 1 0 _aBreaking through technical jargon :
_ba dictionary of computer and automation acronyms /
_cMark S. Merkow.
260 _aNew York, N.Y. :
_bVan Nostrand Reinhold,
_cc1990.
300 _axviim 181 p. ;
_c23 cm.
526 _a0
_b0
_c0
_d004_030000000000000_MER
650 0 _aAutomation
_xAcronyms.
_936587
650 0 _aComputer science
_xAcronyms.
_936588
650 0 _aMCE
_9379
942 _2ddc
_cBK
999 _c541610
_d541610